Commonhold and Leasehold Reform Bill (Record no. 69675)

MARC details
000 -LEADER
fixed length control field 01234cam a2200253 4500
001 - CONTROL NUMBER
control field WB3809-20
008 - FIXED-LENGTH DATA ELEMENTS--GENERAL INFORMATION
fixed length control field 020304n2002 000 0 eng u
035 ## - SYSTEM CONTROL NUMBER
System control number (Sirsi) u116972
245 ## - TITLE STATEMENT
Title Commonhold and Leasehold Reform Bill
260 ## - PUBLICATION, DISTRIBUTION, ETC.
Date of publication, distribution, etc. 2002
490 ## - SERIES STATEMENT
Series statement RICS Residential Faculty News
Volume/sequential designation 26 February 2002 (1)
520 ## - SUMMARY, ETC.
Summary, etc. The Commonhold and Leasehold Reform Bill passed its Second Reading in the House of Commons on 8 January 2002. The Bill introduces a new form of tenure called commonhold that could become a popular alternative to the leasehold system for blocks of flats. It also simplifies the process of leasehold enfranchisement. If any member wishes to comment on the progress of the Bill please contact Stuart Poore in the RICS policy unit on +44 (0)20 7334 3838 or e [email protected] http://www.rics.org/ricscms/bin/show?class=Feature&template=/includes/showfeature.html&id=130
590 ## - LOCAL NOTE (RLIN)
Local note WB
650 ## - SUBJECT ADDED ENTRY--TOPICAL TERM
Topical term or geographic name entry element COMMONHOLD AND LEASEHOLD REFORM BILL
650 ## - SUBJECT ADDED ENTRY--TOPICAL TERM
Topical term or geographic name entry element LEASEHOLD ENFRANCHISEMENT
650 ## - SUBJECT ADDED ENTRY--TOPICAL TERM
Topical term or geographic name entry element REFORM
650 ## - SUBJECT ADDED ENTRY--TOPICAL TERM
Topical term or geographic name entry element SERVICE CHARGES
650 ## - SUBJECT ADDED ENTRY--TOPICAL TERM
Topical term or geographic name entry element LEASEHOLDERS
650 ## - SUBJECT ADDED ENTRY--TOPICAL TERM
Topical term or geographic name entry element COMMONHOLD BILL
650 ## - SUBJECT ADDED ENTRY--TOPICAL TERM
Topical term or geographic name entry element PROPERTY OWNERS
650 ## - SUBJECT ADDED ENTRY--TOPICAL TERM
Topical term or geographic name entry element RICS
690 ## - LOCAL SUBJECT ADDED ENTRY--TOPICAL TERM (OCLC, RLIN)
Topical term or geographic name as entry element LANDLORD AND TENANT-LEASES
942 ## - ADDED ENTRY ELEMENTS (KOHA)
Suppress in OPAC 0
Holdings
Withdrawn status Lost status Source of classification or shelving scheme Damaged status Not for loan Home library Current library Shelving location Date acquired Total Checkouts Full call number Barcode Date last seen Copy number Price effective from Koha item type
    Dewey Decimal Classification     London London News article 04/03/2002   WB3809-20 116972-1001 06/08/2019 1 06/08/2019 News article